Statistiques concernant Élimination par Catégorie - Pays

Cliquez ici pour prendre le quiz!

Statistiques générales

  • Ce quiz a été pris 5 343 fois
  • Le résultat moyen est 7 sur 10

Statistiques - réponses

Groupe#Categorie% Correct
Vert45Pays en Europe
100%
Vert35... dont la première lettre est une consonne
100%
Vert7... de moins d'un million d'habitants
97%
Jaune45Pays sans littoral
93%
Vert3... terminant par la lettre N
88%
Jaune23... de plus de 130 000 km²
81%
Vert1... et de plus de 150 km²Liechtenstein
60%
Jaune8... avec sa capitale qui contient la lettre K
52%
Jaune4... qui n'est pas en Asie
35%
Jaune1... et dont le drapeau n'a pas de vertOuganda
8%

Distribution des résultats

Percentile par nombre de réponses

% des personnes avec chaque résultat

Votre développement - résultats

Vous n’avez pas pris ce quiz